Weiter zum Inhalt

Производственный ветеринарно-санитарный контроль

Изложены общепринятые, а также новые виды производственного ветеринарно-санитарного контроля предприятий пищевой и перерабатывающей промышленности

Gespeichert in:
Bibliographische Detailangaben
1. Verfasser: Шмат Е. В.
Weitere Verfasser: Заболотных М. В., Корниенко Е. В.
Format: Книга
Sprache:Russian
Veröffentlicht: Омск Омский ГАУ 2015
Online Zugang:https://e.lanbook.com/book/90721
https://e.lanbook.com/img/cover/book/90721.jpg
Tags: Tag hinzufügen
Keine Tags, Fügen Sie den ersten Tag hinzu!
LEADER 01392nam0a2200289 i 4500
001 90721
003 RuSpLAN
005 20221220173955.0
008 221220s2015 ru gs 000 0 rus
020 |a 978-5-89764-507-7 
040 |a RuSpLAN 
041 0 |a rus 
044 |a ru 
080 |a 619: 
084 |a 48.172  |2 rubbk 
245 0 0 |a Производственный ветеринарно-санитарный контроль  |c Шмат Е. В.,Заболотных М. В.,Корниенко Е. В. 
260 |a Омск  |b Омский ГАУ  |c 2015 
300 |a 216 с. 
504 |a Библиогр.: доступна в карточке книги, на сайте ЭБС Лань 
520 8 |a Изложены общепринятые, а также новые виды производственного ветеринарно-санитарного контроля предприятий пищевой и перерабатывающей промышленности 
521 8 |a Книга из коллекции Омский ГАУ - Ветеринария и сельское хозяйство 
100 1 |a Шмат Е. В. 
700 1 |a Заболотных М. В. 
700 1 |a Корниенко Е. В. 
856 4 |u https://e.lanbook.com/book/90721 
856 4 8 |u https://e.lanbook.com/img/cover/book/90721.jpg 
953 |a https://e.lanbook.com/img/cover/book/90721.jpg 
Cannot write session to /tmp/vufind_sessions/sess_uvl1diuq480ngp48qjn189ivr5